| 000 | 00671nam a2200229Ia 4500 | ||
|---|---|---|---|
| 003 | OSt | ||
| 005 | 20220925204824.0 | ||
| 006 | a|||||r|||| 00| 0 | ||
| 007 | ta | ||
| 008 | 220923b |||||||| |||| 00| 0 eng d | ||
| 037 | _cGeneral Book | ||
| 040 |
_aRTL _cRTL _beng |
||
| 041 |
_2eng _aeng |
||
| 082 | _aX:8E.271n N5, K6 | ||
| 110 |
_aMADHYA PRADESH, (Govt of-). _9269073 |
||
| 245 | 0 | _aBudget Estimate for the Year 1965-66. Vol. 11 | |
| 260 |
_aGwalior _bGovt. Regional Press India _c1965 |
||
| 300 |
_a887p. _ccm. |
||
| 700 |
_aMADHYA PRADESH, (Govt of-). _9269074 |
||
| 942 |
_hX:8E.271n N5, K6 _cGB _2CC |
||
| 999 |
_c550528 _d550528 |
||